Derecho global y desplazamiento interno : creación, uso y desaparición del desplazamiento forzado por la violencia en el derecho contemporáneo /

Detalles Bibliográficos
Autor principal: Vidal López, Roberto (Autor)
Formato: Electrónico eBook
Lenguaje:español
Publicado: Bogotá D.C. : Editorial Pontificia Universidad Javeriana, [2007]
Edición:Primera edición.
Colección:Colección Fronteras del derecho.
Materias:
Acceso en línea:Digitalia Hispánica

MARC

LEADER 00000nam a2200000Ii 4500
001 DIGEPUJ0075
003 NyNyDIG
006 m o d
007 cr |||||||||||
008 211011s2007 ck ob 000 0 spa d
035 |a (OCoLC)1282640604 
040 |a DGITA  |b eng  |e rda  |e pn  |c DGITA 
020 |z 9789587160482 
043 |a s-ck--- 
050 1 4 |a KHH2980.R43 ebook 
082 0 4 |a 304.8 
100 1 |a Vidal López, Roberto,  |e author. 
245 1 0 |a Derecho global y desplazamiento interno :  |b creación, uso y desaparición del desplazamiento forzado por la violencia en el derecho contemporáneo /  |c Roberto Carlos Vidal López. 
250 |a Primera edición. 
264 1 |a Bogotá D.C. :  |b Editorial Pontificia Universidad Javeriana,  |c [2007] 
300 |a 1 online resource. 
336 |a text  |b txt  |2 rdacontent 
337 |a computer  |b c  |2 rdamedia 
338 |a online resource  |b cr  |2 rdacarrier 
347 |a text file  |2 rdaft 
347 |b EPUB 
490 1 |a Colección Fronteras del derecho 
504 |a Includes bibliographical references. 
588 0 |a Online resource; title from ePub title page (Digitalia, viewed October 11, 2021) 
650 0 |a Internally displaced persons  |z Colombia. 
650 0 |a Refugees  |x Legal status, laws, etc.  |z Colombia. 
650 0 |a Migration, Internal  |x Law and legislation  |z Colombia. 
650 0 |a Forced migration  |z Colombia. 
650 0 |a Emigration and immigration law  |z Colombia. 
650 0 |a Political violence  |z Colombia. 
655 0 |a Electronic books. 
791 2 |a Digitalia (Firm),  |e distributor. 
793 0 |g Digitalia eBook Collection:  |a Pontificia Universidad Javeriana 
776 0 8 |i Print version:  |a Vidal López, Roberto.  |t Derecho global y desplazamiento interno.  |b Primera edición.  |d Bogotá D.C. : Editorial Pontificia Universidad Javeriana, [2007]  |z 9789587160482 
830 0 |a Colección Fronteras del derecho. 
856 4 0 |3 Digitalia Hispánica  |u https://www.digitaliapublishing.com/a/44295/ 
910 |a Premium collection: 2021